The Missing Word - Jack Nicholson's Movies - Statistics

General Stats
  • This quiz has been taken 45 times
  • The average score is 17 of 20
Answer Stats
Hint Answer % Correct
One Flew Over the ___'s Nest Cuckoo
100%
A Few ___ Men Good
100%
As Good as It ___ Gets
95%
The ___ of Eastwick Witches
95%
The Bucket ___ List
93%
The Postman Always Rings ___ Twice
93%
___ Management Anger
90%
___ and Wine Blood
90%
___ Attacks! Mars
90%
___'s Gotta Give Something
90%
___ of Endearment Terms
90%
Broadcast ___ News
88%
Easy ___ Rider
86%
The ___ Shining
86%
___ Schmidt About
79%
The ___ Detail Last
79%
Five ___ Pieces Easy
74%
Prizzi's ___ Honor
74%
___ Hoffa
69%
The ___ Breaks Missouri
45%
No matching quizzes found
Score Distribution
Percent of People with Each Score
Percentile by Number Answered
Your Score History
You have not taken this quiz